Pittsburgh Penguins All-time Leading Goal Scorers - Statistics

General Stats
  • This quiz has been taken 307 times
  • The average score is 6 of 10
Answer Stats
Goals Answer % Correct
382 Sydney Crosby
97%
439 Jaromir Jagr
94%
690 Mario Lemieux
94%
328 Evgeni Malkin
93%
260 Kevin Stevens
53%
312 Rick Kehoe
33%
169 Chris Kunitz
30%
316 Jean Pronovost
27%
185 Mike Bullard
19%
165 Martin Straka
18%
No matching quizzes found
Score Distribution
Percent of People with Each Score
Percentile by Number Answered
Your Score History
You have not taken this quiz